Maltrato infantil

Guardado en:  
Detalles Bibliográficos
Autor principal: Soriano, Andrés (Autor)
Tipo de documento: Print Libro
Lenguaje:Español
Publicado: Madrid San Pablo 2001
En: Hablamos de (5)
Año: 2001
Disponibilidad en Tübingen:Disponible en Tübingen.
UB: KB 8 E 9747
Verificar disponibilidad: HBZ Gateway
Servicio de pedido Subito: Pedir ahora.

MARC

LEADER 00000cam a2200000 c 4500
001 1174505699
003 DE-627
005 20220524144115.0
007 tu
008 030505s2001 xx ||||| 00| ||spa c
020 |a 8428523762  |9 84-285-2376-2 
035 |a (DE-627)1174505699 
035 |a (DE-576)104505699 
035 |a (DE-599)BSZ104505699 
035 |a (OCoLC)51666726 
040 |a DE-627  |b ger  |c DE-627  |e rakwb 
041 |a spa 
100 1 |a Soriano, Andrés  |4 aut 
245 1 0 |a Maltrato infantil  |c Andrés Soriano 
264 1 |a Madrid  |b San Pablo  |c 2001 
300 |a 164 S. 
336 |a Text  |b txt  |2 rdacontent 
337 |a ohne Hilfsmittel zu benutzen  |b n  |2 rdamedia 
338 |a Band  |b nc  |2 rdacarrier 
490 1 |a Hablamos de  |v 5 
583 1 |a Archivierung prüfen  |c 20200919  |f DE-640  |z 1  |2 pdager 
830 0 |a Hablamos de  |v 5  |9 5  |w (DE-627)117450563X  |w (DE-576)10450563X  |7 am 
951 |a BO 
ELC |b 1 
LOK |0 000 xxxxxcx a22 zn 4500 
LOK |0 001 2426001178 
LOK |0 003 DE-627 
LOK |0 004 1174505699 
LOK |0 005 20030505000000 
LOK |0 008 030505||||||||||||||||ger||||||| 
LOK |0 040   |a DE-21  |c DE-627  |d DE-21 
LOK |0 852   |a DE-21 
LOK |0 852 1  |c KB 8 E 9747  |9 00 
LOK |0 935   |a krim 
LOK |0 936ln  |a k10.10.1 
LOK |0 939   |a 05-05-03  |b l01 
ORI |a SA-MARC-krimdoka001.raw 
SIG |a UB: KB 8 E 9747